Alle Stadien der 3. Liga (Männer) - Statistiken

Allgemein
  • Dieses Quiz wurde 135 mal gespielt
    33 seit der letzten Aktualisierung
  • Das Durchschnittsergebnis liegt bei 19 aus 73
Antwortstatistiken
Spiele Stadion Zeitraum % Korrekt
252 Grünwalder Stadion 2008-2011; 2018-
65%
228 Bremer Brücke 2009-2010; 2011-2019; 2021-2023; 2024-
62%
76 LEAG-Energie-Stadion 2014-2016; 2018-2019; 2024-
58%
209 Ostseestadion 2010-2011; 2012-2021; 2024-
58%
172 Rudolf-Harbig-Stadion 2008-2011; 2014-2016; 2020-2021; 2022-2025
58%
76 Fritz-Walter-Stadion 2018-2022
54%
114 Jahnstadion (alt) 2008-2012; 2013-2015
54%
38 Jahnstadion Regensburg (neu) 2016-2017; 2023-2024; 2025-
54%
95 SchücoArena 2011-2013; 2014-2015; 2023-2025
54%
171 Schauinsland-Reisen-Arena 2013-2015; 2016-2017; 2018-2024; 2025-
50%
57 Stadion an der Hafenstraße 2022-
50%
190 LVM-Preußenstadion 2011-2020; 2023-2024
46%
14 Donaustadion 2023-2024; 2025-
42%
114 Eintracht-Stadion 2008-2011; 2018-2020; 2021-2022
42%
114 Erzgebirgsstadion 2008-2010; 2015-2016; 2022-
42%
30 Heinz-von-Heiden-Arena 2021-2023; 2024-
42%
174 Ludwigsparkstadion 2010-2014; 2020-
42%
127 Stadion Rote Erde 2009-2010; 2012-2015; 2021-2025
42%
38 Tivoli 2012-2013; 2024-
42%
114 Carl-Benz-Stadion 2019-
38%
57 Dreisamstadion 2021-2024
35%
95 Holstein-Stadion 2009-2010; 2013-2017
35%
114 Avnet-Arena 2015-2018; 2019-2022
31%
57 BBBank-Wildpark 2012-2013; 2017-2019
31%
266 Brita-Arena 2009-2019; 2020-2023; 2024-
31%
16 Marschweg-Stadion 2022-2023
31%
57 Merck-Stadion am Böllenfalltor 2011-2014
31%
48 Merkur-Spiel-Arena 2008-2009; 2019-2021
31%
95 Stadion am Bieberer Berg 2008-2013
31%
95 Voith-Arena 2009-2014
31%
95 Audi-Sportpark 2019-2021; 2022-
27%
228 Leuna-Chemie-Stadion 2012-2024
27%
38 Stadion an der Lohmühle 2020-2021; 2023-2024
27%
190 Steigerwaldstadion 2008-2018
27%
131 Ernst-Abbe-Sportfeld 2008-2012; 2017-2020
23%
114 GP-Stadion am Hardtwald 2008-2012; 2023-2025
23%
86 Home-Deluxe-Arena 2008-2009; 2016-2018; 2020-2023
23%
19 Olympiastadion München 2020-2022
23%
95 Südstadion 2014-2019
23%
9 Weserstadion 2016-2018
23%
215 Gazi-Stadion auf der Waldau 2008-2016
19%
19 Red-Bull-Arena 2013-2014
19%
152 Stadion an der Gellertstraße 2011-2018; 2019-2020
19%
247 Uhlsport-Sportpark 2008-2015; 2017-2021; 2023-2025
19%
152 WIRmachenDRUCK-Arena 2014-2020; 2024-
19%
10 Eilenriedestadion 2024-
15%
52 Sportclub-Arena 2020-2021; 2023-
15%
96 Akon-Arena 2015-2016; 2017-2020; 2021-2022
12%
57 Bruchwegstadion 2014-2017
12%
38 Friedrich-Ludwig-Jahn-Sportpark 2008-2009; 2021-2022
12%
114 Hänsch-Arena 2017-2023
12%
20 Signal-Iduna-Park 2009-2010; 2012-2013; 2022-2023
12%
113 Sportpark Höhenberg 2019-
12%
41 Stadion am Zoo 2008-2010; 2022
12%
138 Centus-Arena 2008-2009; 2010-2012; 2015-2019; 2023-2024
8%
131 GGZ-Arena 2016-2023
8%
57 Karl-Liebknecht-Stadion 2010-2013
8%
2 MHP-Arena 2008; 2012
8%
19 Ostfriesland-Stadion 2008-2009
8%
20 PSD-Bank-Arena 2016-2017; 2021
8%
80 Stadion am Lotter Kreuz 2016-2019; 2021-2022
8%
33 Ursapharm-Arena an der Kaiserlinde 2013-2014; 2022-2023
8%
114 Wacker-Arena 2008-2014
8%
19 Wersestadion 2010-2011
8%
124 Weserstadion Platz 11 2008-2012; 2015-2018
8%
1 FC-Bayern-Campus 2021
4%
19 Hans-Walter-Wild-Stadion 2022-2023
4%
1 Jadestadion 2023
4%
11 Stadion an der Kreuzeiche 2014
4%
21 Stadion Niederrhein 2011-2012; 2023
4%
19 Stadion Oberwerth 2010-2011
4%
19 ESV-Stadion 2009-2010
0%
1 Hermann-Neuberger-Stadion 2021
0%
Keine übereinstimmenden Quizze gefunden
Verteilung der Resultate
Anzahl Personen mit jedem Resultat
Perzentil nach korrekt beantworteten Fragen
Ihre Resultats-Entwicklung
Sie haben dieses Quiz seit der letzten Aktualisierung nicht gespielt